The noble scholar, jurist, historian


 His Excellency Dr. Abdul Wahhab bin Ibrahim Abu Sulaiman, may Allah have mercy on him.


 He was born in Umm Al-Qura in the year 1356 AH.

هذه شريعتنا / (Record no. 14744)

MARC details
000 -LEADER
fixed length control field 00976cam a22002411i 4500
003 - CONTROL NUMBER IDENTIFIER
control field OSt
005 - DATE AND TIME OF LATEST TRANSACTION
control field 20260412130252.0
008 - FIXED-LENGTH DATA ELEMENTS--GENERAL INFORMATION
fixed length control field 260408s2015 ua g f000 0 ara c
020 ## - INTERNATIONAL STANDARD BOOK NUMBER
International Standard Book Number 9789777610483
040 ## - CATALOGING SOURCE
Original cataloging agency SA-JeALM
Language of cataloging ara
Transcribing agency SA-RiAUC
Description conventions rda
082 04 - DEWEY DECIMAL CLASSIFICATION NUMBER
Classification number 257.1
Assigning agency SA-RiAUC
090 ## - LOCALLY ASSIGNED LC-TYPE CALL NUMBER (OCLC); LOCAL CALL NUMBER (RLIN)
Classification number (OCLC) (R) ; Classification number, CALL (RLIN) (NR) 257.1
Local cutter number (OCLC) ; Book number/undivided call number, CALL (RLIN) ك ا ف
100 1# - MAIN ENTRY--PERSONAL NAME
Personal name الكاف، سقاف بن علي
Relator term مؤلف.
245 10 - TITLE STATEMENT
Title هذه شريعتنا /
Remainder of title دراسة أصولية دستورية لنظام حكم اسلامي
Statement of responsibility, etc. سقاف بن علي الكاف
264 #1 - PRODUCTION, PUBLICATION, DISTRIBUTION, MANUFACTURE, AND COPYRIGHT NOTICE
Place of production, publication, distribution, manufacture [مكان النشر غير محدد] :
Name of producer, publisher, distributor, manufacturer حزب رابطة أبناء اليمن،
-- سقاف بن علي الكاف.
Date of production, publication, distribution, manufacture, or copyright notice 1997
300 ## - PHYSICAL DESCRIPTION
Extent 264 صفحة .
Dimensions 24 سم.
336 ## - CONTENT TYPE
Content type term نص
Content type code txt
Source rdacontent
Materials specified كتاب
337 ## - MEDIA TYPE
Media type term بدون وسيط
Media type code n
Source rdamedia
650 #7 - SUBJECT ADDED ENTRY--TOPICAL TERM
Topical term or geographic name entry element نظم الحكم في الإسلام
Source of heading or term aucsh
650 ## - SUBJECT ADDED ENTRY--TOPICAL TERM
Topical term or geographic name entry element النظام السياسي في الإسلام
942 ## - ADDED ENTRY ELEMENTS (KOHA)
Source of classification or shelving scheme Dewey Decimal Classification
Koha item type Books
Suppress in OPAC No
949 ## - LOCAL PROCESSING INFORMATION (OCLC)
a SA-JeALM
d 260408
u osman123
n 1
Holdings
Withdrawn status Lost status Source of classification or shelving scheme Damaged status Not for loan Home library Current library Date acquired Total checkouts Full call number Barcode Date last seen Price effective from Koha item type
    Dewey Decimal Classification     DR AbdElwahab Library DR AbdElwahab Library 04/12/2026   257.1 ك اف 000023300 04/12/2026 04/12/2026 Books